000 00567nam a2200229Ia 4500
008 210210b2008 xxu||||| |||| 00| 0 eng d
020 _a9788173710698
041 _aeng
082 _a541.37 NARC
100 _aNARAYAN (R)
245 _aChemical and electrochemical energy systems
260 _aHyderabad
_bUniversities Press
_c2008
300 _aviii--257
650 _asystems
650 _aenergy
650 _aelectrochemical
650 _aChemical
650 _aand
690 _aPhysical Chemistry
700 _aVISWANATHAN (B)
906 _a063100
999 _c132826
_d132826